[Event "OL-NORD WEST 1617 SV Werder Bremen - Un"]
[Site "?"]
[Date "2017.02.19"]
[Round "6.6"]
[White "Buescher, Andre"]
[Black "Schuette, Marc"]
[Result "0-1"]
[WhiteElo "2048"]
[BlackElo "2126"]
[Annotator "M.K."]
[PlyCount "90"]
[EventDate "2017.??.??"]

1. d4 d5 2. Nf3 c6 3. c4 Nf6 4. e3 e6 5. Nc3 Nbd7 6. Bd3 dxc4 7. Bxc4 b5 8. Bd3
Bb7 9. O-O a6 10. a4 b4 11. Ne2 c5 12. Ng3 Bd6 13. Qe2 O-O 14. Rd1 Qc7 15. Bd2
Rfc8 16. Rdc1 Qa5 17. e4 cxd4 18. Nxd4 Rxc1+ 19. Bxc1 e5 (19... Nc5 20. e5 (20.
f3 Bxg3 21. hxg3 Rd8 $19) 20... Nxd3 21. exd6 Qd5 22. Nf3 Ng4 23. Bg5 h6 24. h3
Ngxf2 25. Be7 Rc8 $19) 20. Ngf5 Bf8 21. Nb3 Qd8 22. Bg5 h6 23. Bh4 a5 24. f3 g6
25. Ne3 Qb6 26. Kh1 Nh5 27. Nc4 Qc7 28. Qc2 Nc5 29. Bf1 (29. Ncxa5 Rxa5 30.
Nxa5 Qxa5 31. Bc4 Ba6 32. b3 Nf4 33. Rd1 $14) 29... Nxb3 30. Qxb3 Bc5 31. Qc2
Nf4 32. Ne3 Rc8 33. Rc1 Qd6 34. Ng4 $2 (34. Rd1 Bd4 35. Qd2 Qe6 36. Bg3 $11)
34... g5 $19 35. Bf2 Bxf2 36. Qxc8+ Bxc8 37. Rxc8+ Kg7 38. Nxf2 Qd2 39. Kg1
Qxb2 40. g3 Ne2+ 41. Kg2 b3 42. Rb8 Nd4 43. Rb7 Qc3 44. Nd3 Qc2+ 45. Nf2 Qc6
0-1

[Event "OL-NORD WEST 1617 SV Werder Bremen - Un"]
[Site "?"]
[Date "2017.02.19"]
[Round "6.8"]
[White "Heinemann, Lars"]
[Black "Wagner, Jan"]
[Result "0-1"]
[WhiteElo "2023"]
[BlackElo "2112"]
[Annotator "Matthias Krallmann"]
[PlyCount "66"]
[EventDate "2017.??.??"]

1. Nc3 g6 2. e4 Bg7 3. d4 d6 4. Be3 c6 5. Qd2 Nd7 6. h4 h6 7. Nh3 b5 8. Bd3 Bb7
9. f4 b4 10. Ne2 c5 11. h5 gxh5 12. O-O-O (12. dxc5 dxc5 13. O-O-O Qa5 14. Kb1
Ngf6 15. Nf2 $14) 12... Qa5 13. Kb1 Ngf6 14. e5 Nd5 (14... Ng4) 15. dxc5 (15.
exd6 Rb8 16. Ka1 exd6 17. Nf2 $13) 15... Nxc5 16. exd6 {Diagramm #} (16. Nf2
dxe5 17. fxe5 Bxe5 18. Bxc5 Qxc5 19. Ne4 Qe3 20. Rxh5 $13) 16... Nc3+ $2 17.
Nxc3 bxc3 {Diagramm #} 18. Qf2 $2 (18. Qe2 O-O (18... Qb4 19. Bb5+) (18... Nxd3
19. Bb6 $18) 19. dxe7 Rfb8 20. Qxh5 Bc6 21. Bc4 Rxb2+ 22. Ka1 Nb3+ 23. Bxb3
Qxh5 24. Rd8+ Be8 25. Rxa8 Qb5 26. Bc1 $18) 18... Nxd3 19. d7+ (19. Rxd3 Be4
20. Bd4 Bxd3 21. Bxg7 Rb8 22. cxd3 (22. b3 Rg8 23. Be5 Bf5 $19) 22... Rg8 23.
Bxc3 Qxc3 24. Qe2 Qf6 $17) 19... Kd8 20. Rxd3 Be4 21. Rd4 $2 (21. Bd4 Bxd3 22.
Bxg7 Rb8 23. b3 Rg8 24. Be5 Bf5 $17) 21... Rb8 $19 {Diagramm #} 22. b3 Qa3 23.
Bc1 Rxb3+ 24. axb3 Qxb3+ 25. Ka1 Bxc2 26. Rb4 Qxb4 27. Qxc2 Kxd7 28. Rd1+ Kc7
29. Rd5 Rb8 30. f5 Rb6 31. Bf4+ Kc8 32. Qa2 c2+ 33. Re5 Bxe5+ 0-1

[Event "OL-NORD WEST 1617 SV Werder Bremen - Un"]
[Site "?"]
[Date "2017.02.19"]
[Round "6.3"]
[White "Mueer, Sebastian"]
[Black "Kardoeus, David"]
[Result "0-1"]
[WhiteElo "2269"]
[BlackElo "2150"]
[Annotator "Matthias Krallmann"]
[PlyCount "120"]
[EventDate "2017.??.??"]

1. e4 e5 2. Nf3 Nc6 3. d4 exd4 4. Nxd4 Nf6 5. Nxc6 bxc6 6. e5 Qe7 7. Qe2 Nd5 8.
c4 Ba6 9. Nd2 g6 10. Nf3 Qb4+ 11. Kd1 Bg7 12. Qd2 Qxd2+ 13. Bxd2 Nb6 14. Rc1 c5
15. Bd3 O-O (15... Bb7 16. Re1 O-O 17. Be4 Bxe4 18. Rxe4 Rfe8 19. Re2 d6 20.
Bf4 Rad8 21. Ke1 h6 22. h4 Re6 23. Rcc2 a5 24. b3 a4 25. g4 Rde8 26. exd6 cxd6
27. Bxd6 axb3 28. axb3 Bc3+ 29. Kf1 Bb4 30. Bf4 Kh7 31. g5 h5 32. Rxe6 Rxe6 33.
Ne5 f6 34. Nd3 fxg5 35. Bxg5 Nd7 36. Ra2 Rd6 37. Nxb4 cxb4 38. Ra7 Kg8 39. Be7
{1-0 Ni,H (2661)-Semprun Martinez,F (2204)/Benasque 2013/CBM 155 Extra}) 16. b3
Rfe8 17. Re1 d5 (17... Bb7 18. Bc3 Bxf3+ 19. gxf3 Rad8 20. Kc2 d6 21. exd6 cxd6
$11) 18. exd6 cxd6 19. Kc2 Bb7 20. Rxe8+ Rxe8 21. Re1 Rxe1 22. Nxe1 d5 23. cxd5
Nxd5 24. a3 Bd4 25. f3 Ne3+ 26. Bxe3 Bxe3 27. Be4 Ba6 28. Bd3 Bb7 29. Be4 Ba6
30. Bd3 Bc8 31. Kc3 Kg7 32. Nc2 Bg1 33. h3 Kf6 34. Kd2 Ke5 35. Ke2 h5 36. a4 h4
37. Bc4 f5 38. Na3 a6 39. Bf7 g5 40. Nc4+ Kd4 41. Nb6 Bb7 42. Be6 Kc3 43. Bc4
Bh2 44. Nd5+ Kd4 45. Ne3 (45. Ne7 Ke5 46. Bd3 Bf4 47. Bxf5 (47. Nxf5 Bd5 48.
Bc2 Bxb3 $11) 47... Kf6 48. Bc8 Ba8 49. Nf5 Bd5 $11) 45... Ke5 46. Bd3 Bc8 47.
Nc4+ Kd4 48. Ne3 Be6 49. Bxa6 Bxb3 50. Nxf5+ Kc3 51. Bb5 Bf4 52. Ne7 c4 53. a5
Kb4 54. a6 c3 55. Bd3 Bc4 56. a7 c2 {Diagramm #} 57. a8=Q $4 (57. Nd5+ Bxd5 (
57... Kc5 58. a8=Q c1=Q 59. Nxf4 gxf4 60. Qa5+ Kc6 61. Qa4+ Kc5 $11) 58. Bxc2
Bh2 59. Be4 Bg1 60. Bxd5 Bxa7 $11) 57... c1=Q 58. Qb7+ Kc3 59. Nd5+ Bxd5 60.
Qg7+ Kb3 {In einem lange Zeit völlig ausgeglichenen Endspiel setzt sich David
aufgrund seiner größeren Kampfkraft letzlich durch.} 0-1

[Event "OL-NORD WEST 1617 SV Werder Bremen - Un"]
[Site "?"]
[Date "2017.02.19"]
[Round "6.7"]
[White "Buerckner, Hartmut"]
[Black "Schoetzig, Detlef"]
[Result "1/2-1/2"]
[WhiteElo "2163"]
[BlackElo "2114"]
[Annotator "M.K."]
[PlyCount "67"]
[EventDate "2017.??.??"]

1. c4 e5 2. a3 Nf6 3. d3 d5 (3... c6) 4. cxd5 Nxd5 5. Nf3 Nc6 6. e3 Be7 7. Be2
O-O 8. O-O Be6 9. Nbd2 f6 10. Qc2 Bf7 11. Rd1 Qd7 12. b4 a5 13. bxa5 (13. b5
Na7 14. d4 Nxb5 15. Bxb5 Qxb5 16. dxe5 $11) 13... Rxa5 (13... Nxa5 14. Bb2 c5)
14. Bb2 Rfa8 15. d4 exd4 16. Nb3 dxe3 17. Nxa5 exf2+ 18. Kh1 Rxa5 19. Qd2 Rc5 (
19... Bc5 20. Nd4 Bb6 21. Bf3 Ne5 22. Qxf2 Nc4 $17) 20. Nd4 Nb6 21. Nxc6 Qxc6
22. Bf3 Bd5 23. Qxf2 (23. Bxd5+ Nxd5 24. Qxf2 Bd6 25. Rac1 $11) 23... Bxf3 24.
Qxf3 Qxf3 25. gxf3 Rc2 26. Bd4 Nc4 27. Rd3 Bd6 28. Bg1 b6 29. a4 Kf7 30. h3 Be5
31. Bd4 Bxd4 32. Rxd4 Ne5 33. Rf1 Rc3 34. Kg2 {(=)} 1/2-1/2

[Event "OL-NORD WEST 1617 Hannover - SV Werder "]
[Site "?"]
[Date "2017.03.19"]
[Round "7.5"]
[White "Elmali, Timur"]
[Black "Ljubarskij, Juri"]
[Result "1-0"]
[WhiteElo "2143"]
[BlackElo "2197"]
[Annotator "Stephan Buchal"]
[PlyCount "81"]
[EventDate "2017.??.??"]

1. d4 d5 2. c4 c6 3. Nc3 Nf6 4. e3 e6 5. Nf3 Bd6 6. Qc2 O-O 7. Bd2 Nbd7 8.
O-O-O {[#]} Qe7 9. Kb1 dxc4 10. Bxc4 e5 ({Timur wandelt auf den Spuren von
Mischa Tal:} 10... b5 11. Bd3 Bb7 12. e4 e5 13. dxe5 Nxe5 14. Nxe5 Bxe5 15. f4
Bd4 16. e5 Ng4 17. Bxh7+ Kh8 18. Bf5 Nf2 19. Be1 Nxh1 20. Rxd4 {1-0 (31) Tal,
M-Valiev,N Kharkov 1953}) 11. Ng5 g6 12. h4 Nb6 13. dxe5 Bxe5 14. Bb3 Nbd5 15.
Nxd5 cxd5 16. f3 h6 {[#]} 17. g4 hxg5 $2 {den sollte man besser nicht nehmen.}
(17... Bd7) 18. hxg5 Nxg4 ({Auf} 18... Nh7 {ist der Computerzug} 19. Ba5 $16 {
sehr stark. Aber auch mit "menschlichen Zügen" wie} (19. f4 Bg7 20. Rh4 {
hat Weiß reichlich Kompenssation für die Figur.})) 19. fxg4 Bxg4 20. Bxd5 Kg7
{[#]} 21. Bc3 {Das erste Qualitätsopfer ...} Bxd1 22. Qh2 $1 Bh5 23. Bxe5+ Kg8
24. Qf4 Rad8 25. e4 Rd7 26. Bf6 Qc5 27. Rc1 Qb6 28. a3 Re8 29. Rh1 Qd6 30. Qf3
(30. Bxf7+ $5 Kf8 31. Qxd6+ Rxd6 32. Bxe8 Kxe8 33. Kc2 $14) 30... Re6 31. Bc3
Re5 {[#]} 32. Rxh5 {... und noch eins hinterher!} (32. Bxe5 {ist objektiv
besser, aber ergibt nur "leichten Vorteil"} Qxe5 33. Qg2) 32... gxh5 33. Qxh5 {
[#]} Qe7 $4 ({Nach} 33... Rde7 34. Qh2 Kg7 {steht Weiß immer noch bequemer,
aber direkter Vorteil ist nicht zu sehen.}) 34. Qh3 $2 ({verpasst -
wahrscheinlich in Zeitnot - den sofortigen Gewinn mit} 34. Qg6+ $18) 34... Rd6
$2 {aber Ljubarski revanchiert sich sofort} (34... Rdxd5 35. exd5 Qxg5 36. Qc8+
Kh7 37. Bxe5 Qxe5 38. Qxb7) 35. Qh2 Rdxd5 36. exd5 Re1+ 37. Ka2 f6 38. gxf6 Qe4
39. Qg3+ Kf8 40. Qxe1 Qxd5+ 41. Ka1 1-0

[Event "Rilton Cup 2016-17"]
[Site "Stockholm"]
[Date "2016.12.28"]
[Round "2.4"]
[White "Blübaum, Matthias (GER)"]
[Black "Sarkar, Justin Joseph (USA)"]
[Result "0-1"]
[WhiteElo "2640"]
[BlackElo "2415"]
[Annotator "Matthias Krallmann"]
[PlyCount "106"]
[EventDate "2016.??.??"]

1. Nf3 Nf6 2. c4 c5 3. Nc3 d5 4. cxd5 Nxd5 5. e4 Nb4 6. Bc4 Nd3+ 7. Ke2 Nf4+ 8.
Kf1 Nd3 9. Qe2 Nxc1 10. Rxc1 a6 11. e5 e6 12. h4 Nc6 13. Rh3 (13. h5 h6 14. Rh3
b5 15. Bd3 Bb7 16. Be4 Ra7 17. a4 b4 18. Nd1 Be7 19. Rg3 O-O 20. Bb1 Na5 21.
Qe3 Kh8 22. d4 c4 23. Rxc4 f5 24. exf6 Rxf6 25. Qd3 Rf5 26. Ne5 Kg8 27. Ne3
Nxc4 28. Nxf5 Nd2+ 29. Qxd2 exf5 30. Qxh6 Bf6 31. Rxg7+ Bxg7 32. Qe6+ {1-0
Wagner,D (2501)-Tate,A (2297)/Caleta 2015/CBM 165}) 13... b5 14. Bd3 Bb7 15.
Be4 Qb6 (15... Qd7 16. Rg3 g6 17. Kg1 Be7 18. Qe3 O-O-O 19. Rg4 Kb8 20. Rf4
Rhf8 21. a4 b4 22. Bxc6 Bxc6 23. Ne4 Bxe4 24. Rxe4 a5 25. Rec4 Qxa4 26. d4 Rd5
27. dxc5 Qc6 28. Nd4 Qc7 29. Qf3 Rfd8 30. Nb5 Qxe5 31. c6 Rc8 32. Qxf7 Qf6 33.
Rf4 Qxf7 34. Rxf7 Rxb5 35. Rxe7 Rc7 36. Rxe6 Ka7 37. Kf1 {1/2-1/2 (37) Aronian,
L (2785)-So,W (2794) London 2016}) 16. Qe3 Rd8 {[#] Sarkar baut sich viel
aktiver und harmonischer auf als der Gegner von Dennis (sicherlich kannten
beide die erwähnte Partie Aronian-So, die 2 Wochen zuvor in London gespielt
wurde. Red.) Schwarz kontrolliert das Feld d4 viermal und so kann Matthias den
Bauernvorstoß nach d4 nicht so durchsetzen wie Dennis. Die Stellung ist
ausgeglichen.} 17. h5 h6 18. Rh4 Rd7 19. Rg4 Nd4 20. Bxb7 Nf5 21. Qe2 (21. Qe4
$1 Qxb7 (21... Rxb7 22. d4 c4 23. d5 Bc5 24. dxe6 fxe6 25. Nd5 exd5 26. Qxf5
Rf8 27. Qc2 $16) 22. Qxb7 Rxb7 23. Ne4 Rc7 24. d4 {So hätte Weiß d4
durchsetzen und Vorteil erzielen können.}) 21... Qxb7 22. Ne4 c4 23. Ng3 Nxg3+
24. Rxg3 Qd5 25. b3 cxb3 26. axb3 Be7 27. Rxg7 Qxb3 28. d4 (28. Ra1 Kf8 29. Rg4
Rg8 30. Rxg8+ Kxg8 31. Rxa6 Qb1+ 32. Qe1 Qd3+ 33. Kg1 b4 34. Ra8+ Kg7 35. Qf1
Qe4 $11) 28... Kf8 29. Rg3 Qd5 30. Qd2 b4 {[#]} 31. Kg1 $6 {Das ist etwas
langsam. Aber jetzt schwebt Matthias am Abgrund.} (31. Qf4 a5 32. Rc8+ Rd8 33.
Rc7 Ke8 (33... Rd7 34. Rc8+ Rd8 35. Rc7 $11) (33... Qb5+ 34. Kg1 Rd7 35. Rc8+
Rd8 36. Rc7 $11) 34. Kg1 b3 35. Rxe7+ Kxe7 36. Qf6+ Kd7 37. Qxf7+ Kc6 38. Nd2
b2 39. Rc3+ Kb5 40. Qa7 Rc8 41. Ra3 Kb4 42. Qe7+ Kb5 43. Qa7 $11) 31... a5 32.
Kh2 a4 33. Rc8+ Rd8 34. Rc7 Rd7 35. Rc8+ Rd8 36. Rc7 b3 37. Qf4 Rd7 38. Rc8+
Rd8 39. Rc7 Ke8 40. Rg7 Rf8 41. Qxh6 b2 42. Qh7 Rd7 43. Rc8+ Rd8 44. Rc7 Rb8 {
[#] In dieser Stellung gibt es noch zwei Züge, die zum Remis führen. Leider
wählt Matthias einen dritten.} 45. Rxe7+ $4 (45. Rg8 b1=Q 46. Rxf8+ Bxf8 47.
Qxf7+ Kd8 48. Ra7 Rb7 49. Ra8+ Rb8 50. Ra7 $11) (45. Ng5 b1=Q 46. Rxe7+ Kxe7
47. Rxf7+ Rxf7 48. Qxf7+ Kd8 49. Nxe6+ Qxe6 50. Qxe6 Qb4 51. h6 Qxd4 52. Qf6+
Kc7 53. h7 Qd8 54. Qf4 $11) 45... Kxe7 46. Ng5 Kd7 47. Rxf7+ Rxf7 48. Qxf7+ Kc6
49. Nxe6 Rb7 50. Qf6 Kb5 51. Qf5 Ka5 52. Nf4 Qf7 53. Qg5 Qe7 0-1

[Event "Rilton Cup 2016-17"]
[Site "Stockholm"]
[Date "2016.12.30"]
[Round "4.19"]
[White "Blübaum, Matthias (GER)"]
[Black "Prince, Bajaj (IND)"]
[Result "1-0"]
[WhiteElo "2640"]
[BlackElo "2305"]
[Annotator "Matthias Krallmann"]
[PlyCount "93"]
[EventDate "2016.??.??"]

1. Nf3 c5 2. c4 Nc6 3. Nc3 Nf6 4. g3 g6 5. d4 cxd4 6. Nxd4 d6 7. Bg2 Bd7 8. O-O
Bg7 9. Nc2 O-O 10. b3 Qa5 11. Bd2 Qh5 {[#]} 12. e4 $1 Rac8 (12... Rfc8 13. Qxh5
Nxh5 14. Rac1 Rab8 15. Ne3 Nf6 16. Rfd1 Nd4 17. Be1 Ne8 18. Nc2 Nxc2 19. Rxc2
b5 20. Nd5 Kf8 21. Rdc1 bxc4 22. Rxc4 Rxc4 23. Rxc4 Rc8 24. Rxc8 Bxc8 25. Nb4
Nc7 26. Nc6 Bd7 27. Nb8 Bb5 28. Bf1 Ke8 29. a4 Bxf1 30. Kxf1 Kd8 31. Bd2 Kc8
32. Nc6 Kd7 33. Nxa7 Bd4 34. Be3 Bxe3 35. fxe3 Na6 36. a5 Kc7 37. Ke2 Kb7 38.
Nb5 Nc5 39. Nd4 e5 40. b4 Nxe4 41. Nb5 f5 42. Kd3 d5 43. Kc2 g5 44. Kd3 h5 45.
Ke2 h4 46. gxh4 gxh4 47. Kf3 h3 48. Ke2 Ng3+ 49. Kf2 Ne4+ 50. Kf3 Nd2+ 51. Kg3
Nf1+ 52. Kxh3 Nxe3 53. Kg3 d4 54. h4 d3 55. h5 Ng4 56. Kg2 {1/2-1/2 Grabarczyk,
M (2455) -Holzke,F (2380)/Gothenburg 1993/EXT 1998}) 13. Qxh5 Nxh5 14. Rad1 a6
(14... Nf6 $11) 15. Nd5 Bg4 16. f3 Be6 17. Bg5 f6 18. Be3 f5 19. exf5 gxf5 20.
Bg5 Nf6 21. Rfe1 $16 {[#]} Kf7 22. Nb6 Rcd8 23. Re2 Nd7 24. Nd5 Nf6 25. Bh3 Bc8
26. Nb6 Ne5 27. Nd4 e6 28. Nxc8 Rxc8 29. f4 Neg4 30. Nxe6 Rfe8 31. Rde1 Bh8 32.
Bg2 Ne4 33. Bxe4 fxe4 34. Rxe4 Bc3 35. R1e2 b5 36. h3 Ne5 37. Nd8+ Rcxd8 38.
Bxd8 Rxd8 39. fxe5 dxe5 40. cxb5 axb5 41. a4 b4 42. Kg2 Rd1 43. Ra2 Ke6 44. a5
Kf5 45. Rh4 Rd7 46. a6 Ra7 47. Rxh7 1-0

[Event "Rilton Cup 2016-17"]
[Site "Stockholm"]
[Date "2017.01.02"]
[Round "6.6"]
[White "Liang, Awonder (USA)"]
[Black "Blübaum, Matthias (GER)"]
[Result "1/2-1/2"]
[WhiteElo "2496"]
[BlackElo "2640"]
[Annotator "Matthias Krallmann"]
[PlyCount "114"]
[EventDate "2017.??.??"]

1. e4 c6 $3 $146 {Eine Sensation! In der Megabase 2017 sind 814 Partien von
Matthias aufgeführt. 196 mal spielten seine Gegner 1.e4 und 196 mal
antwortete Matthias mit 1. ... e6. Die Französische Verteidigung hat Matthias
große Erfolge gebracht. Erinnert sei nur an seinen Sieg über Shirov, der ihm
den Turniersieg bei dem stärksten deutschen Open in Karlsruhe brachte. Doch
schon vor Jahren habe ich angeregt, dass Matthias sich eine Zweitwaffe zulegen
sollte. Da ich mit Matthias bereits 1.c4 c6 2.e4 d5 vorbereitet hatte, schlug
ich die Caro-Kann-Verteidigung vor. Es gibt ähnliche Strukturen wie in der
Slawischen Verteidigung, die ich mit Matthias als Erste eingeübt hatte und
natürlich besteht auch eine Verwandtschaft zur Französischen Verteidigung.
Trotzdem hat Matthias sich sehr lange geweigert, Caro-Kann zu spielen. Ich
freue mich, dass er nun diesen Schritt getan hat und damit für seine Gegner
schwerer ausrechenbar geworden ist.} 2. d4 d5 3. Nc3 dxe4 4. Nxe4 Bf5 5. Ng3
Bg6 6. Nf3 Nf6 7. h4 Nh5 8. Nxh5 (8. Bc4 e6 9. Nf1 Nd7 10. g4 Nhf6 11. h5 Be4
12. g5 Nb6 13. Bb3 Nfd7 14. Ng3 Bd5 15. Qe2 Be7 16. Bxd5 cxd5 17. Kf1 Qc7 18.
Kg2 Qc4 {1/2-1/2 Anand,V (2799)-Ivanchuk,V (2751)/Wijk aan Zee 2008/CBM 122})
8... Bxh5 9. Be3 Nd7 (9... e6) 10. Qd3 Bxf3 11. gxf3 e6 12. h5 Qc7 13. O-O-O
O-O-O 14. c4 Nf6 15. Qc2 Kb8 16. Be2 {[#] Weiß hat das Läuferpaar, aber
Schwarz pocht auf die bessere Bauernstruktur. Matthias setzt schnell den
"französisch-slawischen" Vorstoß c5 durch und gleicht das Spiel aus.} c5 17.
Qc3 h6 18. Kb1 Be7 19. f4 Ne4 20. Qc2 f5 21. Bf3 Bf6 22. dxc5 Nxc5 23. Rxd8+
Rxd8 24. Rd1 Rxd1+ 25. Qxd1 a6 26. a3 Ne4 27. Qd3 Qc6 28. Bxe4 fxe4 29. Qb3 Qd6
30. Ka2 Kc8 31. Qa4 Kd8 32. Qa5+ Ke8 33. f5 $6 Qc6 34. b3 {[#]} b5 $2 {Hier
geht Matthias an einer großen Chance vorbei.} (34... Qd6 $1 {Jetzt droht 35. .
. . Dd3 nebst Dc2 und Mattangriff.} 35. Qa4+ Kf8 36. Qb4 Qxb4 37. axb4 exf5 $19
) 35. fxe6 bxc4 36. Qb4 $6 (36. Qf5 $11) 36... c3 $6 (36... cxb3+ 37. Kxb3 (37.
Qxb3 Ke7 38. a4 Qxe6 39. Ka3 Kf7 40. Kb4 Be7+ 41. Kc3 Qxb3+ 42. Kxb3 g5 $17)
37... Qxe6+ 38. Qc4 Kf7 39. a4 Qxc4+ 40. Kxc4 Ke6 $17) 37. Qb8+ Ke7 38. Qg8
Qxe6 39. Qxe6+ Kxe6 40. b4 {[#] So ein Pech! Ausgerechnet im 40.Zug entsteht
die kritische Stellung. Hier gewinnt ein Zug - Matthias spielt ihn nicht:
remis.} Bg5 $4 (40... g6 $1 {Schwarz muss so schnell wie möglich einen
Freibauern bilden.} 41. hxg6 h5 42. a4 (42. Kb1 h4 43. Bf4 Kf5 44. Bd6 Kxg6)
42... h4 43. Kb3 h3 44. Bf4 Kf5 45. Bd6 Kxg6 46. b5 axb5 47. axb5 Bd4 $19) 41.
a4 Kd5 42. Kb3 Bf6 43. b5 axb5 44. axb5 Be5 45. b6 Kc6 46. Kc2 Bf6 47. Kb3 Be5
48. Kc2 Bf6 49. Kb3 g6 50. hxg6 Bg7 51. Bxh6 Bxh6 52. Kxc3 Bg7+ 53. Kc4 Ba1 54.
b7 Kxb7 55. Kd5 Kc7 56. Kxe4 Kd6 57. f4 Bf6 {Ein verschenkter halber Punkt in
Matthias erster Caro-Kann-Partie.} 1/2-1/2

[Event "Aeroflot Open A 2017"]
[Site "Moscow RUS"]
[Date "2017.02.21"]
[Round "1.31"]
[White "Bluebaum, Matthias"]
[Black "Pavlovic, Milos"]
[Result "1-0"]
[WhiteElo "2632"]
[BlackElo "2512"]
[Annotator "M.K."]
[PlyCount "153"]
[EventDate "2017.??.??"]

1. Nf3 Nf6 2. g3 g6 3. c4 Bg7 4. d4 O-O 5. Bg2 c5 6. d5 e6 7. Nc3 exd5 8. cxd5
d6 9. O-O Re8 10. Bf4 a6 11. a4 Qc7 12. Rc1 Nbd7 13. b4 Nh5 14. Bd2 Nhf6 15. a5
Qd8 16. Na4 Ne4 (16... Nxd5 17. Bg5 N7f6 18. Bxf6 Nxf6 19. bxc5 dxc5 20. Qxd8
Rxd8 21. Nxc5 Rb8 22. e3 Ne8 23. Rfd1 Rxd1+ 24. Rxd1 Kf8 25. Nd7+ Bxd7 26. Rxd7
Nf6 27. Rc7 Ne8 28. Rd7 Nf6 29. Rc7 Ne8 30. Rc1 Nd6 31. Ng5 h6 32. Ne4 Ke7 33.
g4 g5 34. h3 Be5 35. Rc7+ Kd8 36. Rc5 Nxe4 37. Rxe5 Nd6 38. f4 f6 39. Re6 Ne8
40. f5 {1-0 Meier,G (2648)-Brynell,S (2495)/Copenhagen 2010/CBM 137 Extra}) 17.
Be1 b5 (17... cxb4 18. Bxb4 b5 19. axb6 a5 20. Ba3 Nxb6 21. Nd2 Nxd2 22. Nxb6
Qxb6 23. Qxd2 Bd7 $11) 18. axb6 Nxb6 19. Nxb6 Qxb6 20. Nd2 Nxd2 21. bxc5 dxc5
22. Bxd2 Bg4 23. Re1 a5 24. d6 $14 Rad8 25. Qa4 Qxd6 26. Bxa5 Bd7 $2 {Diagramm
#} (26... Qa6 27. Bd5 $14) 27. Qc4 $2 (27. Qd1 $1 $18) 27... Rc8 28. Bb7 (28.
Red1 Qe7 29. e3) 28... Be6 29. Qe4 Rb8 30. Red1 Qe7 31. Bc6 Rec8 (31... Bb3 32.
Qxe7 Rxe7 33. Rd2 c4 $11) 32. Bd7 Qxd7 33. Rxd7 Bxd7 34. Bc3 Bf5 35. Qf4 Bxc3
36. Rxc3 Rb4 37. Qd6 Bh3 38. Rc1 Rb2 39. Qe5 Rd2 40. f3 $14 Be6 41. Qe3 Ra2 42.
g4 c4 43. h4 Ra5 44. Kf2 h5 45. Qc3 Rb5 46. gxh5 Rxh5 47. Kg3 Rb5 48. e4 Kh7
49. Qf6 Rh5 50. Rc3 Rb8 51. Ra3 Rc8 52. Kf4 c3 53. Rxc3 Rxc3 54. Qxc3 Rxh4+ 55.
Kg5 Rh3 56. Qe3 Rg3+ 57. Kf4 Rh3 58. Ke5 Rh5+ 59. Kf6 g5 60. Qc3 g4 61. f4 Rh3
62. Qc2 Bb3 63. Qb2 Rh6+ 64. Ke7 Rb6 65. Qd4 Re6+ 66. Kf8 Rg6 67. f5 Rg8+ 68.
Ke7 g3 69. Qd3 Ba2 70. Qe2 Rg7 71. f6 Rg5 72. Qxa2 g2 73. Qxf7+ Kh6 74. Qf8+
Kh7 75. Qf7+ Kh8 76. Qe6 g1=Q 77. Qh3+ 1-0

[Event "Aeroflot Open 2017"]
[Site "Moscow"]
[Date "2017.03.01"]
[Round "9"]
[White "Bluebaum, Matthias"]
[Black "Ramirez, Alejandro"]
[Result "1-0"]
[WhiteElo "2632"]
[BlackElo "2549"]
[Annotator "M.K."]
[PlyCount "59"]
[EventDate "2017.??.??"]

1. d4 {[%emt 0:00:00]} d6 {[%emt 0:04:35]} 2. Nf3 {[%emt 0:00:00]} g6 {[%emt 0:
00:13]} 3. c4 {[%emt 0:00:22]} Bg7 {[%emt 0:00:08]} 4. Nc3 {[%emt 0:00:57]} c5
{[%emt 0:01:03]} 5. dxc5 {[%emt 0:18:16]} Bxc3+ {[%emt 0:03:24]} 6. bxc3 {
[%emt 0:00:04]} dxc5 {[%emt 0:00:37]} 7. Qxd8+ {[%emt 0:01:59]} Kxd8 {[%emt 0:
00:04]} 8. Ne5 {[%emt 0:09:06]} Ke8 {[%emt 0:32:45]} 9. g3 {[%emt 0:11:56]} f6
{[%emt 0:11:53]} 10. Nd3 {[%emt 0:00:22]} Na6 {[%emt 0:01:06]} (10... Nd7 11.
Bg2 Rb8 12. Rb1 b6 13. Bd5 e5 14. f4 Ne7 15. fxe5 Nxd5 16. cxd5 Nxe5 17. Nxe5
fxe5 18. Bh6 Bf5 19. Rd1 Rb7 20. O-O Rf7 21. Rf3 Bc2 22. Rxf7 Kxf7 23. Rf1+ Ke7
24. Bg5+ Ke8 25. Rf6 Bf5 26. e4 Bxe4 27. Rd6 Rf8 28. Rd8+ Kf7 29. Rd7+ Kg8 30.
Bh6 Ra8 31. d6 Bf5 32. Rg7+ Kh8 33. Re7 Rd8 34. Bg7+ Kg8 35. Bxe5 Rd7 36. Re8+
Kf7 37. Ra8 Ke6 38. Bf4 Kd5 39. Re8 {1/2-1/2 Scholz,C (2344)-Maiwald,J (2471)/
Germany 2014/CBM 164}) 11. Bg2 {[%emt 0:05:49]} Rb8 {[%emt 0:00:46]} 12. a4 {
[%emt 0:05:44]} e6 {[%emt 0:07:02]} 13. a5 {[%emt 0:04:12]} Ne7 {[%emt 0:01:34]
} 14. Be3 {[%emt 0:02:00]} Nf5 {[%emt 0:04:46]} 15. Bxc5 {[%emt 0:03:19]} Nxc5
{[%emt 0:00:42]} 16. Nxc5 {[%emt 0:00:04]} b6 {[%emt 0:05:15]} 17. axb6 {
[%emt 0:05:12]} axb6 {[%emt 0:00:20]} 18. Nd3 {[%emt 0:10:00]} Bd7 {[%emt 0:06:
40]} 19. O-O {[%emt 0:03:49]} Rc8 {[%emt 0:01:34]} 20. c5 {[%emt 0:02:16]} bxc5
{[%emt 0:01:11]} 21. Bb7 {[%emt 0:00:25]} Rb8 {[%emt 0:00:09]} 22. Nxc5 {
[%emt 0:00:28]} Bc8 {[%emt 0:06:45]} 23. Bxc8 {[%emt 0:10:39]} Rxc8 {[%emt 0:
00:04]} 24. Ne4 {[%emt 0:01:09]} Kf8 {[%emt 0:01:54]} 25. Ra7 {[%emt 0:01:20]}
Ne7 {[%emt 0:00:34]} 26. Rb1 {[%emt 0:03:15]} f5 {[%emt 0:00:55]} 27. Nd6 {
[%emt 0:01:49]} Rd8 {[%emt 0:00:23]} 28. Rbb7 {[%emt 0:00:26]} Rxd6 {[%emt 0:
00:05]} 29. Rxe7 {[%emt 0:00:17]} Rc6 {[%emt 0:00:38]} 30. Rec7 {[%emt 0:00:34]
} 1-0

[Event "Aeroflot Open 2017 A"]
[Site "Moscow"]
[Date "2017.02.23"]
[Round "3"]
[White "Bluebaum, Matthias"]
[Black "Yu, Yangyi"]
[Result "1/2-1/2"]
[WhiteElo "2632"]
[BlackElo "2738"]
[Annotator "M.K."]
[PlyCount "44"]
[EventDate "2017.??.??"]

1. d4 Nf6 2. c4 e6 3. g3 d5 4. Bg2 Bb4+ 5. Nd2 O-O 6. Ngf3 b6 7. O-O Bb7 8. Ne5
Nbd7 9. Qa4 Bd6 10. Nxd7 Qxd7 (10... Nxd7 11. e4 c6 12. Qb3 a5 13. a4 Bb4 14.
Rd1 c5 15. exd5 cxd4 16. Nf3 e5 17. Qc2 f5 18. Qb1 Qf6 19. Bg5 Qd6 20. Nh4 h6
21. Bc1 e4 22. Bh3 Ne5 23. Bxf5 Rxf5 24. Nxf5 Nf3+ 25. Kg2 Qe5 26. Nxd4 Nxd4
27. Bf4 Qf6 28. Qxe4 Nb3 29. Ra2 Rf8 30. Qe3 Nc5 31. b3 Bc8 32. Re2 Bf5 33. f3
Qg6 34. Bc7 Bc2 35. Rd4 Bd3 36. Rxd3 (36. Rg4 Qh5 37. Bd6 Bxe2 38. Bxf8 Kxf8
39. Rf4+ Kg8 40. Qxe2 $16) 36... Nxd3 37. Qe6+ Qxe6 38. Rxe6 Ne1+ 39. Kh3 Nxf3
40. Rxb6 Nd4 41. d6 Rf7 42. Rb8+ Kh7 43. Kg4 Kg6 44. Rb6 h5+ 45. Kh3 Kf5 46.
Rb8 Rd7 47. Rf8+ Ke6 48. Rh8 g6 49. Re8+ Kf6 50. Re3 Ne6 51. g4 Nxc7 52. dxc7
Rxc7 53. gxh5 Rh7 54. Kg4 Rxh5 55. Rf3+ Rf5 56. Rd3 Rf1 57. Rd5 Rg1+ 58. Kf4
g5+ 59. Kf3 Rh1 60. Kg3 Rg1+ 61. Kf3 Rf1+ 62. Kg4 Rf4+ 63. Kg3 Rf5 64. Rd3 Re5
65. h3 Kf5 66. Rf3+ Ke4 67. Kg4 Kd4 68. Rg3 Be7 69. Rf3 Re4+ 70. Kf5 Re5+ 71.
Kg4 Ke4 72. Rg3 Rf5 73. Re3+ Kxe3 74. Kxf5 Kd4 75. Ke6 Bf8 76. Kd7 Kc3 77. Kc6
Kb4 {0-1 Bluebaum,M (2595)-Svane,R (2531)/Dresden 2015/CBM 168}) 11. Qxd7 Nxd7
12. cxd5 Bxd5 13. e4 Bb7 14. Rd1 Be7 15. Nc4 Nf6 16. f3 c5 17. dxc5 Bxc5+ 18.
Be3 Bxe3+ 19. Nxe3 Rfd8 20. Rxd8+ Rxd8 21. Rd1 Rxd1+ 22. Nxd1 e5 1/2-1/2